| 000 | 00724nam a2200217Ia 4500 | ||
|---|---|---|---|
| 003 | IN-BaIIA | ||
| 008 | 211028s9999 xx 000 0 eng d | ||
| 040 | _cIIA Library | ||
| 080 |
_a535.1 _bMER |
||
| 111 |
_aAGARD Avionics Panel Meeting _n6th _cParis _d1962 _96744 |
||
| 245 | 0 |
_aLight and heat sensing _bproceedings of sixth AGARD Avionics Panel Meeting, Paris, July, 1962 _cedited by Harrison J. Merrill |
|
| 260 |
_aOxford _bPergamon Press _c1963 |
||
| 300 | _axii, 457p. | ||
| 490 | _aAGARDograph; v. 71 | ||
| 650 |
_aElectronic instruments _96745 |
||
| 650 |
_aHeat _92417 |
||
| 650 |
_aLight _92428 |
||
| 700 |
_aMerrill, Harrison J., ed. _96746 |
||
| 710 |
_aNorth Atlantic Treaty Organization _96421 |
||
| 942 | _cBK | ||
| 999 |
_c3800 _d3800 |
||